| 000 | 00413cam a2200169ua 4500 | ||
|---|---|---|---|
| 041 |
_aeng _h |
||
| 082 |
_a551.468 _bLEY/LI |
||
| 100 | _aLey, Willy . | ||
| 245 |
_aLife nature library: the poles / _cWilly Lee. _hTextual Documents |
||
| 250 |
_a1 / _b. |
||
| 260 |
_a : _bThe life international , _c1963. |
||
| 300 | _a192 ; . | ||
| 500 | _a**Reference | ||
| 504 | _a | ||
| 942 | _cBK | ||
| 999 |
_c10305 _d10305 |
||